00775nac a22002297a 4500001001000000003000900010005001700019008003400036040005400070072000800124100002300132100002000155100001800175110007300193245007100266260003300337300000900370490011100379650001700490650001000507650002800517BR8800861BR-BrBNA20240105120710.0230509b bl.|||m| |||| 00| 0 por d aBR-BrBNAbporcBiblioteca Nacional de Agricultura aF081 aBrienza Junior, S.1 aMarques, L.C.T.1 aYared, J.A.G.1 aCentro de Pesquisa Agropecuaria do Tropico Umido, Belem, PA (Brasil)1 aCombinacao de freijo (Cordia goeldiana)com cacau (Theobroma cacao)3 aBelem, PA (Brasil): c1983.  a3 p. aPesquisa em Andamento - Centro de Pesquisa Agropecuaria do Tropico Umido (Brazil)vno. 128xISSN 0101-5613 aFREIJO-CINZA aCACAU aCONSORCIACAO DE CULTURA